<?xml version="1.0" encoding="UTF-8"?>
<marc:record xmlns:marc="http://www.loc.gov/MARC21/slim">
   <marc:leader>00000nam a2200000 a 4500</marc:leader>
   <marc:datafield ind1="1" ind2=" " tag="100">
      <marc:subfield code="a">Bakker, Gerbrand</marc:subfield>
      <marc:subfield code="4">aut</marc:subfield>
      <marc:subfield code="e">Verfasser/-in</marc:subfield>
   </marc:datafield>
   <marc:datafield ind1=" " ind2=" " tag="653">
      <marc:subfield code="a">Vater-Sohn-Beziehung / Roman</marc:subfield>
   </marc:datafield>
   <marc:datafield ind1=" " ind2=" " tag="653">
      <marc:subfield code="a">Alter / Roman</marc:subfield>
   </marc:datafield>
   <marc:datafield ind1=" " ind2=" " tag="653">
      <marc:subfield code="a">Trauer / Roman</marc:subfield>
   </marc:datafield>
   <marc:datafield ind1=" " ind2=" " tag="653">
      <marc:subfield code="a">Niederlande / Roman</marc:subfield>
   </marc:datafield>
   <marc:datafield ind1="0" ind2="0" tag="245">
      <marc:subfield code="a">Oben ist es still</marc:subfield>
   </marc:datafield>
   <marc:datafield ind1="0" ind2="0" tag="245">
      <marc:subfield code="b">Roman</marc:subfield>
   </marc:datafield>
   <marc:datafield ind1="0" ind2="0" tag="245">
      <marc:subfield code="c">Bakker, Gerbrand</marc:subfield>
   </marc:datafield>
   <marc:datafield ind1=" " ind2="1" tag="264">
      <marc:subfield code="c">2008</marc:subfield>
   </marc:datafield>
   <marc:datafield ind1="1" ind2=" " tag="520">
      <marc:subfield code="a">Helmer van Wonderen, Bauer wider Willen, macht klar Schiff. Er verfrachtet seinen bettlägerigen Vater ins Obergeschoß, entrümpelt Wohn- und Elternschlafzimmer, streicht Dielen, Fenster, Türen und Wände und schafft neue Möbel an. Das Gemälde mit den schwarzen Schafen, die Fotografien von Mutter und die alte Standuhr kommen nach oben, alle Pflanzen, die blühen können, auf den Misthaufen. Da Vater ihm nicht den Gefallen tut, einfach zu verschwinden, sich von einem Windstoß hinwegfegen zu lassen oder wenigstens zu sterben, richtet Helmer sein Leben unten neu ein. Seine ungelebten Träume kann er jedoch nicht so leicht entsorgen. Als er eines Tages unerwartet Post erhält, brechen sich Erinnerungen Bahn. Henk hätte hier wohnen sollen. Mit Riet und mit Kindern. Henk, der Zwillingsbruder, ist lange tot. Riet aber lebt, und sie hat einen Sohn.</marc:subfield>
   </marc:datafield>
   <marc:datafield ind1=" " ind2=" " tag="020">
      <marc:subfield code="a">9783518461426</marc:subfield>
      <marc:subfield code="9">9783518461426</marc:subfield>
   </marc:datafield>
   <marc:datafield ind1=" " ind2=" " tag="020">
      <marc:subfield code="a">3518461427</marc:subfield>
      <marc:subfield code="9">3518461427</marc:subfield>
   </marc:datafield>
   <marc:datafield ind1=" " ind2=" " tag="041">
      <marc:subfield code="a">ger</marc:subfield>
   </marc:datafield>
   <marc:datafield ind1=" " ind2=" " tag="338">
      <marc:subfield code="a">Band</marc:subfield>
   </marc:datafield>
   <marc:datafield ind1=" " ind2=" " tag="300">
      <marc:subfield code="a">315 S.</marc:subfield>
   </marc:datafield>
</marc:record>
